| 000 | 01085nam a2200217Ia 4500 | ||
|---|---|---|---|
| 999 |
_c40393 _d40393 |
||
| 003 | OSt | ||
| 005 | 20210213122952.0 | ||
| 008 | 160316s2015 xxu||||| |||| 00| 0 eng d | ||
| 020 | _a9789351502616 | ||
| 040 | _cn | ||
| 082 |
_a954.030000 _bHAS |
||
| 100 | _aHasan Tariq | ||
| 245 | _aColonialism and the call to Jihad in British India | ||
| 260 |
_aNew Delhi _bSage Publications _c2015 |
||
| 300 |
_a214p _cxi |
||
| 365 | _b Rs. 695 | ||
| 505 | _aTable of Contents List of Photographs Acknowledgements Introduction: Forgotten Pages from Indian History The Empire and 19th-century Jihad The Maulvi of Faizabad and the Battle for Lucknow The Deoband Connection: Revolt and Revivalism Deoband and the Roots of the Khilafat Movement The Silk Conspiracy Case, 1914–1916 The Ulema and the Partition of India Conclusion: Colonialism and Jihad in the 21st Century Bibliography Index | ||
| 650 | _a1. Muslims - Political Activity - India2. British Occupation Of India - 1765 - 19473. Politics & Government - Anti-Imperalist Movements | ||
| 700 |
_a _a |
||
| 942 |
_2ddc _cBK |
||